| 000 -LEADER | |
|---|---|
| fixed length control field | 00471nam a22001697a 4500 |
| 005 - DATE AND TIME OF LATEST TRANSACTION | |
| control field | 20240108164608.0 |
| 008 - FIXED-LENGTH DATA ELEMENTS--GENERAL INFORMATION | |
| fixed length control field | 220225b ||||| |||| 00| 0 eng d |
| 020 ## - INTERNATIONAL STANDARD BOOK NUMBER | |
| ISBN | 81-8416-007-0 |
| 041 ## - LANGUAGE CODE | |
| Language code of text/sound track or separate title | eng |
| 082 ## - DEWEY DECIMAL CLASSIFICATION NUMBER | |
| Classification number | 610 GOY-E |
| 100 ## - MAIN ENTRY--AUTHOR NAME | |
| Personal name | GOYAL, DR. RAMESH K. SHAH Dr. GAURANG |
| 245 ## - TITLE STATEMENT | |
| Title | ELEMENTS OF HUMAN ANATOMY & PHYSIOLOGY & HEALTH EDUCATION |
| 260 ## - PUBLICATION, DISTRIBUTION, ETC. (IMPRINT) | |
| Place of publication | AHMEDABAD |
| Name of publisher | B.S. SHAH PRAKASHAH |
| 300 ## - PHYSICAL DESCRIPTION | |
| Number of Pages | 480;p |
| 650 ## - SUBJECT ADDED ENTRY--TOPICAL TERM | |
| Topical Term | PHARMACY |
| General subdivision | D.PHARMA |
| 942 ## - ADDED ENTRY ELEMENTS (KOHA) | |
| Koha item type | Books |
| Lost status | Damaged status | Collection code | Home library | Current library | Shelving location | Date acquired | Source of acquisition | Cost, normal purchase price | Full call number | Accession Number | Koha item type |
|---|---|---|---|---|---|---|---|---|---|---|---|
| PHARMACY | JRU Library | JRU Library | Shelf - 23- H | 25/02/2022 | PURCHASE | 315.00 | 610 | 26697 | Books | ||
| PHARMACY | JRU Library | JRU Library | SHELF-75-B | 25/02/2022 | PURCHASE | 315.00 | 610 | 26698 | Books | ||
| PHARMACY | JRU Library | JRU Library | Shelf - 23- H | 25/02/2022 | PURCHASE | 315.00 | 610 | 26699 | Books | ||
| PHARMACY | JRU Library | JRU Library | Shelf - 23- H | 25/02/2022 | PURCHASE | 315.00 | 610 | 26700 | Books | ||
| PHARMACY | JRU Library | JRU Library | Shelf - 23- H | 25/02/2022 | PURCHASE | 315.00 | 610 | 26701 | Books | ||
| PHARMACY | JRU Library | JRU Library | SHELF-20-F | 11/02/2023 | LOHIA BOOK INTERNATIONAL | 495.00 | 610 GOY-E | 27540 | Books | ||
| PHARMACY | JRU Library | JRU Library | Shelf - 23- H | 11/02/2023 | LOHIA BOOK INTERNATIONAL | 495.00 | 610 GOY-E | 27541 | Books |